000
00261nam a2200109Ia 4500
008
240625s9999 xx 000 0 und d
041
_a
eng
082
_a
658 MAR
100
_a
THOMPSON MARK
245
_a
NOW BUILD A GREAT BUSINESS 7 WAYS TO MAX
365
_c
RS
_b
5
999
_c
32856
_d
32856